QUIZ DE CONHECIMENTOS GERAIS- #1 - Statistics

General Stats
  • This quiz has been taken 34 times
  • The average score is 9 of 20
Answer Stats
Questão Respostas % Correct
Qual é a especialização dos meteorologistas? Clima
81%
Qual substância química no cérebro está frequentemente associada a sentimentos de prazer e vício? (Dica: começa com a letra D) Dopamina
73%
Qual foi o país em que o filósofo Sócrates nasceu? Grécia
73%
Qual é a quantidade de Copas do Mundo que a Argentina tem? Três
69%
Qual é o maior animal do mundo em comprimento? Baleia-Azul
62%
Qual jogo pode ser representado por esses emojis? italy.webp wrench.webp mushroom.webp turtle.webp 99.webp Super Mario Bros.
62%
Qual é o ator que interpreta o Capitão América nos filmes da Marvel? Chris Evans
54%
Qual religião foi fundada por Maomé? Islamismo
54%
Qual doença matou Freddie Mercury? AIDS
46%
Qual é a terceira cidade mais populosa do Brasil? Brasília
42%
Qual figura famosa foi condenada a morte por Pôncio Pilatos? Jesus Cristo
42%
Qual é a palavra em espanhol para chapéu? Sombrero
38%
Qual é a cantora que possui a autoria da música "Fate of Ophelia"? Taylor Swift
38%
Qual animal brasileiro possui um palíndromo em seu nome? Arara
35%
Qual esporte olímpico foi inventado no japão? Judô
35%
Qual marca de carros criou o Fusca? Volkswwagen
35%
Qual foi o primeiro filme da Disney? Branca de Neve e os Sete Anões
31%
Qual foi a principal obra literária escrita por Miguel de Cervantes? Dom Quixote
31%
Qual é a capital da África do Sul em que fica a sede do poder executivo? Pretoria
23%
Qual foi o primeiro presidente a receber um Prêmio Nobel? Theodore Roosevelt
12%
No matching quizzes found
Score Distribution
Percent of People with Each Score
Percentile by Number Answered
Your Score History
You have not taken this quiz